Statistiques concernant Extra-terrestres de fictions en images

Cliquez ici pour prendre le quiz!

Statistiques générales

  • Ce quiz a été pris 100 fois
  • Le résultat moyen est 5 sur 20

Statistiques - réponses

Réponse% Correct
E.T.
98%
Alf
77%
Spock
74%
Optimus Prime
60%
Paul
39%
Martian Manhunter
24%
Candy
22%
Marvin le martien
20%
Roger
18%
Le Scrameustache
17%
Jaco
11%
Korg
11%
Boris l'animal
10%
Nibbler
8%
Vilgax
8%
Princesse Xhampi
7%
Thémis
5%
Unity
4%
Billy
3%
Samara
1%

Distribution des résultats

Percentile par nombre de réponses

% des personnes avec chaque résultat

Votre développement - résultats

Vous n’avez pas pris ce quiz